000 00330nam a2200145Ia 4500
003 OSt
005 20240203155346.0
008 170523s9999 xx 000 0 und d
020 _a978-0074516423
040 _ciimt university meerut
100 _aGANDHI- JC
245 0 _aMARKETING
260 _bTATA MC GRAW HILL
942 _2ddc
_c02
999 _c279
_d279